Estadísticas para 15 principales países con muertes de Covid-19 - 16 de febrero de 2022

Haz click aquí para intentar la prueba.

Estadísticas generales

  • Esta prueba ha sido intentada 5 veces
  • La puntuación promedio es 15 de 26

Estadísticas de respuestas

país% Correcto
Alemania
100%
Argentina
100%
Brasil
100%
Estados Unidos
100%
India
100%
Indonesia
100%
Irán
100%
México
100%
Colombia
75%
Italia
75%
Perú
75%
Polonia
75%
Reino Unido
75%
Rusia
75%
Francia
50%
Bosnia y Herzegovina
25%
Bulgaria
25%
Chequia
25%
Croacia
25%
Eslovaquia
25%
Eslovenia
25%
Hungría
25%
Macedonia del Norte
25%
Georgia
0%
Lituania
0%
Rumania
0%

Distribución de puntuación

Porcentaje por número respondido

Porcentaje de gente con cada puntuación

Historial de tus puntuaciones

No has intentado esta prueba.